<?xml version="1.0" encoding="UTF-8"?>
<record
    xmlns:xsi="http://www.w3.org/2001/XMLSchema-instance"
    xsi:schemaLocation="http://www.loc.gov/MARC21/slim http://www.loc.gov/standards/marcxml/schema/MARC21slim.xsd"
    xmlns="http://www.loc.gov/MARC21/slim">

  <leader>00525nam a22001577a 4500</leader>
  <controlfield tag="003">OSt</controlfield>
  <controlfield tag="005">20150911145120.0</controlfield>
  <controlfield tag="008">150911b        xxu||||| |||| 00| 0 eng d</controlfield>
  <datafield tag="040" ind1=" " ind2=" ">
    <subfield code="c">RUA</subfield>
  </datafield>
  <datafield tag="082" ind1=" " ind2=" ">
    <subfield code="a">AGR &#x1790;&#x17C4;&#x1784; 1995 B014 Or.1</subfield>
  </datafield>
  <datafield tag="100" ind1=" " ind2=" ">
    <subfield code="9">290</subfield>
    <subfield code="a">&#x1790;&#x17C4;&#x1784; &#x1785;&#x17D0;&#x1793;&#x17D2;&#x1791;&#x1793;&#x17B8;&#x1780;&#x17B6;</subfield>
  </datafield>
  <datafield tag="245" ind1=" " ind2=" ">
    <subfield code="a">&#x1780;&#x17B6;&#x179A;&#x179F;&#x17B7;&#x1780;&#x17D2;&#x179F;&#x17B6;&#x17A2;&#x17C6;&#x1796;&#x17B8;&#x1785;&#x1793;&#x17D2;&#x179B;&#x17C4;&#x17C7;&#x1783;&#x17D2;&#x179B;&#x17B6;&#x178F;&#x178A;&#x17B6;&#x17C6;&#x178A;&#x17BB;&#x17C7;&#x1793;&#x17C3;&#x178A;&#x17C6;&#x178E;&#x17B6;&#x17C6;&#x179F;&#x178E;&#x17D2;&#x178A;&#x17C2;&#x1780;&#x1794;&#x17B6;&#x1799;</subfield>
  </datafield>
  <datafield tag="260" ind1=" " ind2=" ">
    <subfield code="a">Phnom Penh</subfield>
    <subfield code="b">RUA</subfield>
    <subfield code="c">1995</subfield>
  </datafield>
  <datafield tag="300" ind1=" " ind2=" ">
    <subfield code="a">60p.</subfield>
    <subfield code="b">ill.</subfield>
    <subfield code="c">29cm.</subfield>
  </datafield>
  <datafield tag="942" ind1=" " ind2=" ">
    <subfield code="2">ddc</subfield>
    <subfield code="c">AGR</subfield>
  </datafield>
  <datafield tag="999" ind1=" " ind2=" ">
    <subfield code="c">269</subfield>
    <subfield code="d">269</subfield>
  </datafield>
  <datafield tag="952" ind1=" " ind2=" ">
    <subfield code="0">0</subfield>
    <subfield code="1">0</subfield>
    <subfield code="2">ddc</subfield>
    <subfield code="4">0</subfield>
    <subfield code="6">AGR_&#x1790;&#x17C4;&#x1784;_1995_000000000000000_B014_OR_1</subfield>
    <subfield code="7">0</subfield>
    <subfield code="9">1184</subfield>
    <subfield code="a">LBB</subfield>
    <subfield code="b">LBB</subfield>
    <subfield code="c">B014</subfield>
    <subfield code="d">2015-09-11</subfield>
    <subfield code="l">2</subfield>
    <subfield code="o">AGR &#x1790;&#x17C4;&#x1784; 1995 B014 Or.1</subfield>
    <subfield code="p">RUA005143</subfield>
    <subfield code="r">2019-12-02</subfield>
    <subfield code="s">2019-11-18</subfield>
    <subfield code="w">2015-09-11</subfield>
    <subfield code="y">AGR</subfield>
  </datafield>
  <datafield tag="952" ind1=" " ind2=" ">
    <subfield code="0">0</subfield>
    <subfield code="1">0</subfield>
    <subfield code="2">ddc</subfield>
    <subfield code="4">0</subfield>
    <subfield code="6">AGR_&#x1790;&#x17C4;&#x1784;_1995_000000000000000_B014_OR_2</subfield>
    <subfield code="7">0</subfield>
    <subfield code="9">1185</subfield>
    <subfield code="a">LBB</subfield>
    <subfield code="b">LBB</subfield>
    <subfield code="c">B014</subfield>
    <subfield code="d">2015-09-11</subfield>
    <subfield code="l">3</subfield>
    <subfield code="o">AGR &#x1790;&#x17C4;&#x1784; 1995 B014 Or.2</subfield>
    <subfield code="p">RUA003385</subfield>
    <subfield code="r">2017-10-30</subfield>
    <subfield code="s">2017-10-16</subfield>
    <subfield code="w">2015-09-11</subfield>
    <subfield code="y">AGR</subfield>
  </datafield>
  <datafield tag="952" ind1=" " ind2=" ">
    <subfield code="0">0</subfield>
    <subfield code="1">0</subfield>
    <subfield code="2">ddc</subfield>
    <subfield code="4">0</subfield>
    <subfield code="6">AGR_&#x1790;&#x17C4;&#x1784;_1995_000000000000000_B014_OR_3</subfield>
    <subfield code="7">0</subfield>
    <subfield code="9">1186</subfield>
    <subfield code="a">LBB</subfield>
    <subfield code="b">LBB</subfield>
    <subfield code="c">B014</subfield>
    <subfield code="d">2015-09-11</subfield>
    <subfield code="o">AGR &#x1790;&#x17C4;&#x1784; 1995 B014 Or.3</subfield>
    <subfield code="p">RUA003463</subfield>
    <subfield code="r">2015-09-11</subfield>
    <subfield code="w">2015-09-11</subfield>
    <subfield code="y">AGR</subfield>
  </datafield>
  <datafield tag="952" ind1=" " ind2=" ">
    <subfield code="0">0</subfield>
    <subfield code="1">0</subfield>
    <subfield code="2">ddc</subfield>
    <subfield code="4">0</subfield>
    <subfield code="6">AGR_&#x1790;&#x17C4;&#x1784;_1995_000000000000000_B014_OR_4</subfield>
    <subfield code="7">0</subfield>
    <subfield code="9">1187</subfield>
    <subfield code="a">LBB</subfield>
    <subfield code="b">LBB</subfield>
    <subfield code="c">B014</subfield>
    <subfield code="d">2015-09-11</subfield>
    <subfield code="l">1</subfield>
    <subfield code="o">AGR &#x1790;&#x17C4;&#x1784; 1995 B014 Or.4</subfield>
    <subfield code="p">RUA003535</subfield>
    <subfield code="r">2019-10-28</subfield>
    <subfield code="s">2019-10-04</subfield>
    <subfield code="w">2015-09-11</subfield>
    <subfield code="y">AGR</subfield>
  </datafield>
  <datafield tag="952" ind1=" " ind2=" ">
    <subfield code="0">0</subfield>
    <subfield code="1">0</subfield>
    <subfield code="2">ddc</subfield>
    <subfield code="4">0</subfield>
    <subfield code="6">AGR_&#x1790;&#x17C4;&#x1784;_1995_000000000000000_B014_OR_5</subfield>
    <subfield code="7">0</subfield>
    <subfield code="9">1188</subfield>
    <subfield code="a">LBB</subfield>
    <subfield code="b">LBB</subfield>
    <subfield code="c">B014</subfield>
    <subfield code="d">2015-09-11</subfield>
    <subfield code="o">AGR &#x1790;&#x17C4;&#x1784; 1995 B014 Or.5</subfield>
    <subfield code="p">RUA004004</subfield>
    <subfield code="r">2015-09-11</subfield>
    <subfield code="w">2015-09-11</subfield>
    <subfield code="y">AGR</subfield>
  </datafield>
  <datafield tag="952" ind1=" " ind2=" ">
    <subfield code="0">0</subfield>
    <subfield code="1">0</subfield>
    <subfield code="2">ddc</subfield>
    <subfield code="4">0</subfield>
    <subfield code="6">AGR_&#x1790;&#x17C4;&#x1784;_1995_000000000000000_B014_OR_6</subfield>
    <subfield code="7">0</subfield>
    <subfield code="9">1189</subfield>
    <subfield code="a">LBB</subfield>
    <subfield code="b">LBB</subfield>
    <subfield code="c">B014</subfield>
    <subfield code="d">2015-09-11</subfield>
    <subfield code="l">1</subfield>
    <subfield code="o">AGR &#x1790;&#x17C4;&#x1784; 1995 B014 Or.6</subfield>
    <subfield code="p">RUA003989</subfield>
    <subfield code="r">2018-08-08</subfield>
    <subfield code="s">2018-07-18</subfield>
    <subfield code="w">2015-09-11</subfield>
    <subfield code="y">AGR</subfield>
  </datafield>
  <datafield tag="952" ind1=" " ind2=" ">
    <subfield code="0">0</subfield>
    <subfield code="1">0</subfield>
    <subfield code="2">ddc</subfield>
    <subfield code="4">0</subfield>
    <subfield code="6">AGR_&#x1790;&#x17C4;&#x1784;_1995_000000000000000_B014_OR_7</subfield>
    <subfield code="7">0</subfield>
    <subfield code="9">1190</subfield>
    <subfield code="a">LBB</subfield>
    <subfield code="b">LBB</subfield>
    <subfield code="c">B014</subfield>
    <subfield code="d">2015-09-11</subfield>
    <subfield code="l">2</subfield>
    <subfield code="o">AGR &#x1790;&#x17C4;&#x1784; 1995 B014 Or.7</subfield>
    <subfield code="p">RUA003568</subfield>
    <subfield code="r">2016-08-23</subfield>
    <subfield code="s">2016-08-02</subfield>
    <subfield code="w">2015-09-11</subfield>
    <subfield code="y">AGR</subfield>
  </datafield>
  <datafield tag="952" ind1=" " ind2=" ">
    <subfield code="0">0</subfield>
    <subfield code="1">0</subfield>
    <subfield code="2">ddc</subfield>
    <subfield code="4">0</subfield>
    <subfield code="6">AGR_&#x1790;&#x17C4;&#x1784;_1995_000000000000000_B014_OR_8</subfield>
    <subfield code="7">0</subfield>
    <subfield code="9">1191</subfield>
    <subfield code="a">LBB</subfield>
    <subfield code="b">LBB</subfield>
    <subfield code="c">B014</subfield>
    <subfield code="d">2015-09-11</subfield>
    <subfield code="o">AGR &#x1790;&#x17C4;&#x1784; 1995 B014 Or.8</subfield>
    <subfield code="p">RUA003351</subfield>
    <subfield code="r">2015-09-11</subfield>
    <subfield code="w">2015-09-11</subfield>
    <subfield code="y">AGR</subfield>
  </datafield>
</record>
